• 首页
  • 本馆介绍
  • 公告通知
  • 最新文献
  • 馆藏检索
  • 电子资源
  • 读者导购
  • 参考咨询
  • 我的图书馆
  • 登录
  • 详细信息显示
  • 放入我的书架
  • 预约/预借图书
  • 作者相关作品
  • 分类相关作品
  • 丛书相关作品
  • 出版社相关作品

书目信息

  • 表格格式
  • 工作单格式
  • 卡片格式
题名:
苏辙诗编年笺注
    
 
作者: 苏辙 撰 ;蒋宗许 , 袁津琥 , 陈默 笺注
分册: 三  
出版信息: 北京   中华书局  2019
页数: 967-1506页
开本: 24cm
丛书名:
单 册:
中图分类: I222.744.1
科图分类:
主题词: 古典诗歌--gu dian shi ge--诗集--中国--北宋
电子资源:
ISBN: 978-7-101-14349-2
000 00981nam0 2200277 450
001 011029202412
005 20211031090546.01
010    @a978-7-101-14349-2@dCNY117.00(全4册468.00)
100    @a20200520d2019 em y0chiy0120 ea
101 0  @achi
102    @aCN@b110000
105    @ay z 000gy
106    @ar
200 1  @a苏辙诗编年笺注@Asu zhe shi bian nian jian zhu@h三@d= The collation, annotation and chronology of Su Zhe's poems@f(宋)苏辙撰@g蒋宗许,袁津琥,陈默笺注@zeng
210    @a北京@c中华书局@d2019
215    @a967-1506页@d24cm
300    @a国家社科基金后期资助项目
510 1  @aCollation, annotation and chronology of Su Zhe's poems@zeng
606 0  @a古典诗歌@Agu dian shi ge@x诗集@y中国@z北宋
690    @aI222.744.1@v5
701  0 @c(宋)@a苏辙@Asu zhe@4撰
702  0 @a蒋宗许@Ajiang zong xu@4笺注
702  0 @a袁津琥@Ayuan jin hu@4笺注
702  0 @a陈默@Achen mo@4笺注
801  0 @aCN@b百万庄@c20211029
905    @b1312507-08@dI222.744.1@e805:3@f2
    
    苏辙诗编年笺注.三= The collation, annotation and chronology of Su Zhe's poems/(宋)苏辙撰/蒋宗许,袁津琥,陈默笺注.-北京:中华书局,2019
    967-1506页;24cm
    国家社科基金后期资助项目
    
    ISBN 978-7-101-14349-2:CNY117.00(全4册468.00)
    
●
相关链接 在E读中查询图书 在五车中查询图书 在当当中查询图书 在豆瓣中查询图书


正题名:苏辙诗编年笺注     索取号:I222.744.1/805:3         预约/预借

序号 登录号 条形码 馆藏地/架位号 状态 备注
1 1312507   213125072   第一样本阅览室/ [索取号:I222.744.1/805:3] 在馆    
2 1312508   213125081   第二借阅区/ [索取号:I222.744.1/805:3] 在馆    
唐山师范学院图书馆 欢迎您!
大连网信软件有限公司© 版权所有